Lessons in learning, e-learning, and training : Perspectives and guidance for the enlightened trainer
Kaydedildi:
| Yazar: | |
|---|---|
| Materyal Türü: | Sách |
| Dil: | Undetermined |
| Baskı/Yayın Bilgisi: |
Pfeiffer
2005
|
| Konular: | |
| Etiketler: |
Etiketle
Etiket eklenmemiş, İlk siz ekleyin!
|
| Thư viện lưu trữ: | Trung tâm Thư viện - Trường Đại học Công nghiệp TP. Hồ Chí Minh |
|---|
| LEADER | 00542nam a2200157Ia 4500 | ||
|---|---|---|---|
| 001 | UIH_06186 | ||
| 008 | 231011s9999 xx 000 0 und d | ||
| 082 | |a 658.312 | ||
| 100 | |a Schank, Roger | ||
| 245 | 0 | |a Lessons in learning, e-learning, and training : Perspectives and guidance for the enlightened trainer | |
| 245 | 0 | |c Schank, Roger | |
| 260 | |b Pfeiffer | ||
| 260 | |c 2005 | ||
| 650 | |a Quản lí nhân sự; | ||
| 927 | |a Sách | ||
| 980 | |a Trung tâm Thư viện - Trường Đại học Công nghiệp TP. Hồ Chí Minh | ||